Alexandre Deineka : Peintures arts graphiques sculpture arts monumentaux articles littéraires
Salvato in:
| Natura: | Libro |
|---|---|
| Lingua: | Undetermined |
| Pubblicazione: |
Leningrad
Aurora
1982
|
| Soggetti: | |
| Tags: |
Aggiungi Tag
Nessun Tag, puoi essere il primo ad aggiungerne! !
|
| Thư viện lưu trữ: | Trung tâm Học liệu Trường Đại học Cần Thơ |
|---|
| LEADER | 00473nam a2200157Ia 4500 | ||
|---|---|---|---|
| 001 | CTU_53372 | ||
| 008 | 210402s9999 xx 000 0 und d | ||
| 082 | |a 759.47092 | ||
| 082 | |b A375 | ||
| 245 | 0 | |a Alexandre Deineka : Peintures arts graphiques sculpture arts monumentaux articles littéraires | |
| 260 | |a Leningrad | ||
| 260 | |b Aurora | ||
| 260 | |c 1982 | ||
| 650 | |a painting, russian | ||
| 650 | |x biography | ||
| 980 | |a Trung tâm Học liệu Trường Đại học Cần Thơ | ||